遇見自在優雅的自己 / (Record no. 7206)
[ view plain ]
| 000 -LEADER | |
|---|---|
| fixed length control field | 00705cam a2200241 i 4500 |
| 001 - CONTROL NUMBER | |
| control field | 1085768 |
| 003 - CONTROL NUMBER IDENTIFIER | |
| control field | YEEZEN |
| 005 - DATE AND TIME OF LATEST TRANSACTION | |
| control field | 20211209091129.0 |
| 008 - FIXED-LENGTH DATA ELEMENTS--GENERAL INFORMATION | |
| fixed length control field | 210820s2021 ch a g 000 0 chi d |
| 020 ## - INTERNATIONAL STANDARD BOOK NUMBER | |
| International Standard Book Number | 9789573337195 |
| Qualifying information | (平裝) : |
| Terms of availability | NT$380 |
| 040 ## - CATALOGING SOURCE | |
| Original cataloging agency | TWTNM |
| Language of cataloging | chi |
| Transcribing agency | TWTNM |
| 042 ## - AUTHENTICATION CODE | |
| Authentication code | nbic |
| 084 ## - OTHER CLASSIFICATION NUMBER | |
| Classification number | 192.1 |
| Number source | ncsclt |
| 090 ## - LOCALLY ASSIGNED LC-TYPE CALL NUMBER (OCLC); LOCAL CALL NUMBER (RLIN) | |
| Classification number (OCLC) (R) ; Classification number, CALL (RLIN) (NR) | 192.1 |
| Local cutter number (OCLC) ; Book number/undivided call number, CALL (RLIN) | 1124 |
| 100 1# - MAIN ENTRY--PERSONAL NAME | |
| Personal name | 張德芬 |
| 245 10 - TITLE STATEMENT | |
| Title | 遇見自在優雅的自己 / |
| Statement of responsibility, etc. | 張德芬著 |
| 250 ## - EDITION STATEMENT | |
| Edition statement | 初版 |
| 260 ## - PUBLICATION, DISTRIBUTION, ETC. | |
| Place of publication, distribution, etc. | 臺北市 : |
| Name of publisher, distributor, etc. | 皇冠文化, |
| Date of publication, distribution, etc. | 2021.05. |
| 300 ## - PHYSICAL DESCRIPTION | |
| Extent | 255面 : |
| Other physical details | 彩圖 ; |
| Dimensions | 21公分 |
| 490 1# - SERIES STATEMENT | |
| Series statement | 皇冠叢書 ; |
| Volume/sequential designation | 第4934種 |
| 490 1# - SERIES STATEMENT | |
| Series statement | 張德芬作品集 ; |
| Volume/sequential designation | 7. |
| 650 #7 - SUBJECT ADDED ENTRY--TOPICAL TERM | |
| Topical term or geographic name entry element | 修身 |
| Source of heading or term | lcstt. |
| 650 #7 - SUBJECT ADDED ENTRY--TOPICAL TERM | |
| Topical term or geographic name entry element | 生活指導 |
| Source of heading or term | lcstt. |
| 830 #0 - SERIES ADDED ENTRY--UNIFORM TITLE | |
| Uniform title | 皇冠叢書 ; |
| Volume/sequential designation | 第4934種 |
| 830 #0 - SERIES ADDED ENTRY--UNIFORM TITLE | |
| Uniform title | 張德芬作品集 ; |
| Volume/sequential designation | 7. |
| 942 ## - ADDED ENTRY ELEMENTS (KOHA) | |
| Source of classification or shelving scheme | 中文圖書分類法 |
| Koha item type | 一般圖書 |
| 撤銷狀態 | 遺失狀態 | 分類號來源 | 損壞狀態 | 不外借 | 永久館藏地 | 現在館藏地 | 書架位置 | 採購日期 | 全部借出 | 全部續借 | 完整索書號 | 條碼號 | 最後一次日期記錄 | Date last checked out | 一般價格有效日期 | Koha館藏類型 | 公開資訊 |
|---|---|---|---|---|---|---|---|---|---|---|---|---|---|---|---|---|---|
| 未註銷館藏 | 未遺失 | 中文圖書分類法 | 未損毀 | 可外借 | 怡仁綜合醫院圖書館 | 怡仁綜合醫院圖書館 | 2021-12-09 | 9 | 5 | 192.1 | C02791 | 2025-01-03 | 2024-12-19 | 2021-12-09 | 一般圖書 | 沒有不能原諒的事,你只是不肯放過自己。那些情緒裡的刺,都是你藏在心裡的委屈。餘生很長,別再用情緒折磨自己, 只有把自己看懂了,才能做一個優雅自在的人。 |